| 000 | 00590cam a2200145 4500500 | ||
|---|---|---|---|
| 005 | 20260208005410.0 | ||
| 041 | _afre | ||
| 042 | _adc | ||
| 100 | 1 | 0 |
_aCochet, François _eauthor |
| 245 | 0 | 0 | _aJacques Frémeaux, De quoi fut fait l’Empire. Les guerres coloniales au xixe siècle. Paris, cnrs, coll. « Histoire », 2010, 576 p. Bibliographie, Index, 8 cartes. |
| 260 | _c2011. | ||
| 500 | _a5 | ||
| 786 | 0 | _nRevue historique | 656 | 4 | 2011-04-01 | p. 959x-1005x | 0035-3264 | |
| 856 | 4 | 1 | _uhttps://shs.cairn.info/revue-historique-2010-4-page-959x?lang=fr&redirect-ssocas=7080 |
| 999 |
_c1651951 _d1651951 |
||